000 00729nam a2200229Ia 4500
003 OSt
005 20230612093251.0
008 210423s2013 xx 000 0 und d
020 _a978-81-7371-273-9
040 _cAL
041 _aeng
082 _a547.028 AHLC
100 _aAHLUWALIA (V K);AGGARWAL (Renu)
_9102465
245 _aComprehensive practical organic chemistry: preparation and quantitative analysis
260 _aNew Delhi
_bUniversities Press
_c2013
300 _axix,312p
_bPB
365 _b325
_cINR
650 _aOrganic Chemistry
_9102466
650 _aOrganic Chemistry
_9102466
906 _aanalysis ; chemistry: ; Comprehensive ; organic ; practical ; preparation ; quantitative
942 _2ddc
_cBK
999 _c165873
_d165873